Statistics for Airline Hubs A-Z #3

Click here to take the quiz!

General Stats

  • This quiz has been taken 90 times
  • The average score is 20 of 26

Answer Stats

HintAirlineAnswer% Correct
ZSwiss International AirlinesZurich
96%
AAir New ZealandAuckland
95%
BBrussels AirlinesBrussels
95%
LTAP PortugalLisbon
95%
SSingapore AirlinesSingapore
95%
HHawaiian AirlinesHonolulu
94%
KMalaysia AirlinesKuala Lumpur
94%
MVirgin AustraliaMelbourne
94%
TTunisairTunis
92%
WLOT Polish AirlinesWarsaw
92%
VAustrian AirVienna
91%
RAlitaliaRome
90%
CUnited AirlinesChicago
89%
IPakistan International AirlinesIslamabad
87%
JSaudiaJeddah
82%
DDelta AirlinesDetroit
78%
QAir Canada*Quebec
78%
XChina Eastern AirlinesXi'an
70%
NAll Nippon AirlinesNagoya
65%
GAir BotswanaGaborone
63%
PAir Tahiti NuiPapeete
56%
FXiamenairFuzhou
48%
OAllegiant AirOrlando
47%
YShandong Airlines*Yantai
25%
ERyanairEindhoven
22%
UIrAeroUlan-ude
18%

Score Distribution

Percentile by Number Answered

Percent of People with Each Score

Your Score History

You have not taken this quiz